Manual del caballo : el caballo anglo argentino /
Guardado en:
| Formato: | Libro |
|---|---|
| Publicado: |
Buenos Aires :
Asociación argentina de fomento equino,
1971
|
| Materias: | |
| Etiquetas: |
Agregar Etiqueta
Sin Etiquetas, Sea el primero en etiquetar este registro!
|
| LEADER | 00544nam a22001695a 4500 | ||
|---|---|---|---|
| 001 | CEM.cems017691 | ||
| 005 | 20110905112713.0 | ||
| 008 | 130507s1971##################000#0#####d | ||
| 003 | CEMS | ||
| 082 | 0 | 4 | |a 636.1 |
| 245 | 0 | 0 | |a Manual del caballo : |b el caballo anglo argentino / |c Asociación Argentina de Fomento Equino |
| 260 | |a Buenos Aires : |b Asociación argentina de fomento equino, |c 1971 | ||
| 300 | |a 17 p. | ||
| 653 | |a Equinos | ||
| 653 | |a Equinos-raza | ||
| 653 | |a Anglo argentino | ||
| 859 | |a CEMS |b BIB. CEMS - Agricultura |h 636.1 |i M319 |p A1434.11 |t Ej.1 | ||
